| 000 | 00500nam a2200193Ia 4500 | ||
|---|---|---|---|
| 003 | GCL | ||
| 008 | 140319s9999 xx 000 0 eng d | ||
| 040 |
_aGCL / _cGCL |
||
| 082 | 0 | 4 |
_a668.54 _bB N |
| 100 | 1 | _aGROOM, NIGEL | |
| 245 | 1 | 0 |
_aTHE NEW PERFUME HANDBOOK / _cGROOM, NIGEL |
| 260 |
_a[S.N] : _bBLACKIE ACADEMIC & PROFESSIONAL ، _c1997 |
||
| 300 | _a435 P | ||
| 650 | 0 | 4 | _aSCIENCE |
| 650 | 0 | 4 | _aSCIENCE - COMPUTER NETWORK |
| 650 | 0 | 4 | _aTECHNOLOGY |
| 650 | 0 | 4 | _aPERFUMES |
| 942 |
_2ddc _cBK |
||
| 999 |
_c15706 _d15706 |
||